00549 a2200169 4500003000400000005001700004008004100021020001800062040000900080082001900089245003900108260003200147300000900179942004400188952013000232999001700362OSt20231110150725.0231110b |||||||| |||| 00| 0 eng d a9789382581727 coclc a894.812bKAK/A aAkalam Palikkuka /cHussain Kakkad aCochin:bDawa Books,c2021. a158p 2ddccBKh894.812iKAK/Ak894.812mKAK/A 00102ddc40708LITaMESbMEScISLd2024-01-06l0o894.812 KAK/Ap44563r2024-01-06 12:16:56v140.00w2024-01-06yBKzGL47R2 c43042d43042